on the way kindergarten / (رقم التسجيلة. 136329)

تفاصيل مارك
000 -LEADER
fixed length control field 00495nam a22001817a 4500
005 - DATE AND TIME OF LATEST TRANSACTION
control field 20251108175530.0
008 - FIXED-LENGTH DATA ELEMENTS--GENERAL INFORMATION
fixed length control field 250721s2006 xx 000 0 eng d
082 14 - DEWEY DECIMAL CLASSIFICATION NUMBER
Classification number J/F/KRO
100 1# - MAIN ENTRY--PERSONAL NAME
Personal name kroll, virginia
245 10 - TITLE STATEMENT
Title on the way kindergarten /
264 1# - PRODUCTION, PUBLICATION, DISTRIBUTION, MANUFACTURE, AND COPYRIGHT NOTICE
Place of production, publication, distribution, manufacture new york :
Name of producer, publisher, distributor, manufacturer G.P. putnam's sons,
Date of production, publication, distribution, manufacture, or copyright notice 2006.
300 ## - PHYSICAL DESCRIPTION
Extent [34p.]
650 17 - SUBJECT ADDED ENTRY--TOPICAL TERM
Topical term or geographic name as entry element fiction
653 ## - INDEX TERM--UNCONTROLLED
Uncontrolled term اطفال مرحلة متوسطة (6-9 ) سنوات
700 1# - ADDED ENTRY--PERSONAL NAME
Personal name schlissberg, elisaberg
942 ## - ADDED ENTRY ELEMENTS (KOHA)
Source of classification or shelving scheme Dewey Decimal Classification
Koha item type كتب
المقتنيات
حالة السحب حالة الفقدان مصدر التصنيف حالة التلف غير قابل للإعارة المكتبة الرئيسية المكتبة الحالية موقع الرف تاريخ التزويد الرقم المتسلسل Total Checkouts رقم الإستدعاء الباركود تاريخ آخر ظهور تاريخ الفاتورة نوع المادة (كوها)
    Dewey Decimal Classification     المكتبة المركزية المكتبة المركزية الأطفال 28/07/2025 1660355   J/F/KRO PLD00405153 28/07/2025 28/07/2025 كتب
    Dewey Decimal Classification     مكتبة أبو علندا العامة مكتبة أبو علندا العامة الأطفال 09/10/2018 1660358   J/F/KRO PLD00435545 28/07/2025 09/10/2018 كتب
    Dewey Decimal Classification     مكتبة الجويدة مكتبة الجويدة الأطفال 09/10/2018 1660357   J/F/KRO PLD00435544 28/07/2025 09/10/2018 كتب
    Dewey Decimal Classification     مكتبة حمزة العامة مكتبة حمزة العامة الأطفال 09/10/2018 1660356   J/F/KRO PLD00435543 28/07/2025 09/10/2018 كتب
Implemented & Customized by: BBB with SCIT (Smart Chains for Information Technology)

Powered by Koha